| 000 | 01181 a2200229 4500 | ||
|---|---|---|---|
| 005 | 20080908105354.0 | ||
| 008 | 080908t xxu||||| |||| 00| 0 hin d | ||
| 010 | _aHIN-80075 | ||
| 020 |
_a8186209549 _c350.00 |
||
| 035 | _aHN-52421 | ||
| 037 | _bD.B.Act / pub | ||
| 082 | _a823.08 | ||
| 100 | _aगुप्ता, बीना रानी | ||
| 245 |
_aमन्नू भंडारी का कथा साहित्य:पारिवारिक जीवन की समस्याएँ _cबीना रानी गुप्ता |
||
| 246 |
_aMannu Bhandari ka katha sahitya _bby Beena Rani Gupta |
||
| 260 |
_aहापुड _bसंभावना प्रकाशन _c2006 |
||
| 270 |
_aरेवती कुंज, _bहापुड _e245101 |
||
| 300 |
_a294पृ _c22 सेमी (सजिल्द) |
||
| 650 | _aCriticism | ||
| 942 |
_adpl _cHN _k823.08 / गुप्ताबी _2ddc _h823.08 _m गुप्ताबी |
||
| 999 |
_c4712 _d4712 |
||